| 000 | 00644cam a22002411 4500 | ||
|---|---|---|---|
| 001 | agr48000511 | ||
| 003 | DLC | ||
| 005 | 20260227111010.0 | ||
| 008 | 871009s1946 au a 000 0 ger c | ||
| 010 | _aagr48000511 | ||
| 035 | _a(OCoLC)16837512 | ||
| 040 |
_aU.S. Dept. of Agr. Libr. _cCU-BANC _dDLC |
||
| 042 | _apremarc | ||
| 050 | 0 | 0 |
_aSB278.A8 _bK3 |
| 070 | 0 |
_a69 _bK12 |
|
| 100 | 1 | _aKallbrunner, Hermann. | |
| 245 | 0 | 4 | _aDie Tabakpflanze. |
| 260 |
_aWien, _bScholle-Verlag, _c1946. |
||
| 300 |
_a19 p. _billus. _c23 cm. |
||
| 490 | 0 |
_aScholle-Bücherei, _v46. Bdchn. |
|
| 500 | _aCover title: Tabak. | ||
| 650 | 0 |
_aTobacco _zAustria. |
|
| 999 |
_c10905 _d10905 |
||